São Paulo - Choix multiples - Statistiques

Statistiques générales
  • Ce quiz a été pris 1 346 fois
    1 324 depuis la dernière actualisation
  • Le résultat moyen est 5 sur 10
Statistiques - réponses
Question Réponse % Correct
Quel cocktail typiquement brésilien aurait été inventé dans l'état de São Paulo ? Caïpirinha
84%
Quel produit participa à l'essor économique de la ville, notamment au XIXe siècle ? Café
79%
Quel pilote, triple vainqueur du championnat de la F1, est né à São Paulo ? Ayrton Senna
76%
Quel circuit de Formule 1 se situe à São Paulo ? Interlagos
57%
Quelle culture ne représente pas une grande diaspora à São Paulo ? Polonaise
50%
Laquelle de ces images représente São Paulo ?
49%
Lequel de ces clubs ne fait pas partie des trois grands clubs de la ville ? Flamengo
44%
Sur les rives de quel fleuve traversant São Paulo l'indépendance a-t-elle été déclarée ? Ipiranga
42%
Parmi les choix suivants, laquelle de ces affirmations sur São Paulo est fausse ? Elle possède le plus grand cimetière au monde
28%
Quel est l'un des surnoms de la ville de São Paulo ? La terre de la bruine
27%
Aucun quiz correspondant
Distribution des résultats
% des personnes avec chaque résultat
Percentile par nombre de réponses
Votre historique - résultats
Vous n’avez pas pris ce quiz depuis la dernière actualisation